Państwa Europy graniczące z państwami na literę R (z mapą) - Statystyki

Ogólne statystyki
  • Ten quiz został rozwiązany 62 razy
  • Średni wynik to 12 z 12
Odpowiedzi na mapie
Odpowiedzi zakodowano w zielono-czerwonej skali na mapie do tego quizu, zgodnie z poniższymi procentami.
 
Statystyki odpowiedzi
Państwo % Poprawnych
Estonia
100%
Litwa
100%
Łotwa
100%
Ukraina
100%
Białoruś
98%
Finlandia
96%
Polska
96%
Węgry
96%
Bułgaria
94%
Mołdawia
94%
Serbia
94%
Norwegia
89%
Nie znaleziono quizów pasujących do podanych kryteriów
Rozkład punktacji
Procent ludzi z każdym wynikiem
Percentyl według liczby udzielonych odpowiedzi
Twoja historia wyników
Nie rozwiązałeś tego quizu